[Event "Burjassot U2200 op 6th"]
[Site "Burjassot"]
[Date "2018.09.07"]
[Round "1.39"]
[White "Mendoza Alcala, Juan Jose"]
[Black "Candel Ribarrocha, Rafael"]
[Result "1-0"]
[WhiteElo "1589"]
[BlackElo "1039"]
[PlyCount "101"]
[EventDate "2018.09.07"]
[EventType "swiss"]
[EventRounds "7"]
[EventCountry "ESP"]
[SourceTitle "EXT 2024"]
[Source "ChessBase"]
[SourceDate "2023.10.10"]
[SourceVersion "1"]
[SourceVersionDate "2023.10.10"]
[SourceQuality "1"]

1. e4 e6 2. d4 d5 3. Nc3 Ne7 4. e5 Nbc6 5. Bb5 Bd7 6. Nf3 a6 7. Ba4 b5 8. Bb3 Na5 9. 0-0 Nxb3 10. axb3 b4 11. Na4 Ng6 12. Bg5 Be7 13. Bxe7 Qxe7 14. Nc5 Bc8 15. Ra4 0-0 16. Qd2 Rb8 17. Nxa6 Ra8 18. Rfa1 Bxa6 19. Rxa6 Rxa6 20. Rxa6 Rb8 21. Rc6 Qd7 22. Rc5 Rb5 23. Rxb5 Qxb5 24. g3 c5 25. c3 h6 26. Qc2 c4 27. Nd2 Ne7 28. bxc4 dxc4 29. cxb4 Nc6 30. Qxc4 Qxc4 31. Nxc4 Nxb4 32. Ne3 h5 33. Kf1 Kf8 34. Ke2 Nc6 35. Kd3 Ke7 36. f4 g6 37. Kc4 Na5+ 38. Kb4 Nc6+ 39. Kc5 Kd7 40. b4 Kc7 41. b5 Na5 42. d5 Nb7+ 43. Kb4 Kb6 44. Nc4+ Kc7 45. d6+ Kd7 46. Na5 Nd8 47. b6 Kc8 48. Kb5 Kd7 49. b7 Nxb7 50. Nxb7 Ke8 51. Kc6 1-0